Sports Quiz

Random Sports or College Quiz

Can you name the college mascot Quiz Stats

 Plays Quiz not verified by Sporcle

Support Sporcle.
Go Orange.
Score 0/10 Timer 10:00
0 Plays Today
% Correct
mike the tiger
66.7%
big al
60%
brutus
53.3%
aubie
20%
albert
13.3%
sparty
13.3%
bevo
6.7%
ace
0%
super frog
0%
scratch
0%

You're not logged in!

Compare scores with friends on all Sporcle quizzes.
OR
Log In
Forgot?

From the Vault

TV Show Opening Credits VI

by kfastic

You may feel the urge to start humming theme songs during this quiz.
Remove Ads.
Support Sporcle.
Get the best of Sporcle when you Go Orange. This ad-free experience offers more features, more stats, and more fun while also helping to support Sporcle. Thank you for becoming a member.

Show Comments

Extras

Created Feb 6, 2016ReportNominate
Tags:College Quiz, mascot

Top Quizzes Today


Score Distribution

Your Account Isn't Verified!

In order to create a playlist on Sporcle, you need to verify the email address you used during registration. Go to your Sporcle Settings to finish the process.

Report this User

Report this user for behavior that violates our Community Guidelines.

Details: